National League South 25/26 Logos - Statistics

General Stats
  • This quiz has been taken 9 times
  • The average score is 21 of 24
Answer Stats
Picture Answer % Correct
Bath City
100%
Dorking
100%
Dover
100%
Eastbourne Borough
100%
Ebbsfleet
100%
Maidenhead
100%
Maidstone
100%
Torquay
100%
Weston-Super-Mare
100%
Chelmsford
86%
Chesham
86%
Dagenham and Redbridge
86%
Enfield
86%
Hampton and Richmond Borough
86%
Hemel Hempstead
86%
Horsham
86%
Worthing
86%
AFC Totton
71%
Chippenham
71%
Hornchurch
71%
Salisbury
71%
Slough
71%
Tonbridge Angels
71%
Farnborough
57%
No matching quizzes found
Score Distribution
Percent of People with Each Score
Percentile by Number Answered
Your Score History
You have not taken this quiz